| 000 -LEADER | |
|---|---|
| fixed length control field | 00454nam a22001697a 4500 |
| 005 - DATE AND TIME OF LATEST TRANSACTION | |
| control field | 20240108112139.0 |
| 008 - FIXED-LENGTH DATA ELEMENTS--GENERAL INFORMATION | |
| fixed length control field | 190404b xxu||||| |||| 00| 0 eng d |
| 020 ## - INTERNATIONAL STANDARD BOOK NUMBER | |
| ISBN | 978-93-86353-59-7 |
| 041 ## - LANGUAGE CODE | |
| Language code of text/sound track or separate title | eng |
| 100 ## - MAIN ENTRY--AUTHOR NAME | |
| Personal name | GOKHALE,S.B.,TARE DR. M.S.,AND KOTHAWADE .S.N |
| 245 ## - TITLE STATEMENT | |
| Title | TEXT BOOK OF ADVANCED DRUG DELIVERY SYSTEM |
| 250 ## - EDITION STATEMENT | |
| Edition statement | 2nd,2017 |
| 260 ## - PUBLICATION, DISTRIBUTION, ETC. (IMPRINT) | |
| Place of publication | PUNE |
| Name of publisher | NIRALI PRAKASHAN |
| 300 ## - PHYSICAL DESCRIPTION | |
| Number of Pages | B.1 |
| 650 ## - SUBJECT ADDED ENTRY--TOPICAL TERM | |
| Topical Term | PHARMACY |
| General subdivision | D.PHARMA |
| 942 ## - ADDED ENTRY ELEMENTS (KOHA) | |
| Koha item type | Books |
| Lost status | Damaged status | Collection code | Home library | Current library | Shelving location | Date acquired | Source of acquisition | Cost, normal purchase price | Accession Number | Koha item type |
|---|---|---|---|---|---|---|---|---|---|---|
| PHARMACY | JRU Library | JRU Library | SHELF-19-B | 04/04/2019 | PURCHESS | 190.00 | 22594 | Books | ||
| Reference | JRU Library | JRU Library | SHELF-3-B | 04/04/2019 | PURCHESS | 190.00 | 22595 | Books | ||
| PHARMACY | JRU Library | JRU Library | SHELF-19-B | 04/04/2019 | PURCHESS | 190.00 | 22596 | Books |